The alchemists : (Record no. 486)

000 -LEADER
fixed length control field 02295cam a22006017i 4500
001 - CONTROL NUMBER
control field 19509766
003 - CONTROL NUMBER IDENTIFIER
control field LIBRIS
005 - DATE AND TIME OF LATEST TRANSACTION
control field 20210420063749.0
008 - FIXED-LENGTH DATA ELEMENTS--GENERAL INFORMATION
fixed length control field 160616t20142013nyuaf b 001 0 eng c
020 ## - INTERNATIONAL STANDARD BOOK NUMBER
International Standard Book Number 9781594204623
Qualifying information (hardcover)
020 ## - INTERNATIONAL STANDARD BOOK NUMBER
International Standard Book Number 1594204624
Qualifying information (hardcover)
020 ## - INTERNATIONAL STANDARD BOOK NUMBER
International Standard Book Number 9780143124993
Qualifying information (pbk.)
020 ## - INTERNATIONAL STANDARD BOOK NUMBER
International Standard Book Number 0143124994
Qualifying information (pbk.)
035 ## - SYSTEM CONTROL NUMBER
System control number (OCoLC)ocn880573335
040 ## - CATALOGING SOURCE
Original cataloging agency CNCEN
Language of cataloging eng
Description conventions rda
Transcribing agency LTSCA
Modifying agency OCLCO
-- OCLCF
-- OCLCQ
-- Hdb
050 #4 - LIBRARY OF CONGRESS CALL NUMBER
Classification number HG1811
Item number .I79 2014
080 ## - UNIVERSAL DECIMAL CLASSIFICATION NUMBER
Universal Decimal Classification number 92
Item number I-84
082 04 - DEWEY DECIMAL CLASSIFICATION NUMBER
Classification number 332.1
Edition number 22 (machine generated)
084 ## - OTHER CLASSIFICATION NUMBER
Classification number Qaeb
Number source kssb/8
100 1# - MAIN ENTRY--PERSONAL NAME
Personal name Irwin, Neil,
Relator term author.
245 14 - TITLE STATEMENT
Title The alchemists :
Remainder of title three central bankers and a world on fire /
Statement of responsibility, etc. Neil Irwin.
264 #1 - PRODUCTION, PUBLICATION, DISTRIBUTION, MANUFACTURE, AND COPYRIGHT NOTICE
Place of production, publication, distribution, manufacture New York, New York :
Name of producer, publisher, distributor, manufacturer Penguin Books,
Date of production, publication, distribution, manufacture, or copyright notice 2014.
300 ## - PHYSICAL DESCRIPTION
Extent xvii, 430 pages, 16 unnumbered pages of plates :
Other physical details ill
Dimensions 22 cm
504 ## - BIBLIOGRAPHY, ETC. NOTE
Bibliography, etc. note Includes bibliographical references (pages 399-414) and index.
600 10 - SUBJECT ADDED ENTRY--PERSONAL NAME
Personal name Bernanke, Ben.
Authority record control number or standard number 381394
600 10 - SUBJECT ADDED ENTRY--PERSONAL NAME
Personal name King, Mervyn A.
600 17 - SUBJECT ADDED ENTRY--PERSONAL NAME
Personal name Bernanke, Ben.
Authority record control number or standard number 381394
600 10 - SUBJECT ADDED ENTRY--PERSONAL NAME
Personal name Trichet, Jean-Claude.
650 #0 - SUBJECT ADDED ENTRY--TOPICAL TERM
Topical term or geographic name entry element Banks and banking, Central
General subdivision History
650 #0 - SUBJECT ADDED ENTRY--TOPICAL TERM
Topical term or geographic name entry element Monetary policy
General subdivision History
650 #0 - SUBJECT ADDED ENTRY--TOPICAL TERM
Topical term or geographic name entry element Financial crises
General subdivision History.
650 #0 - SUBJECT ADDED ENTRY--TOPICAL TERM
Topical term or geographic name entry element Global Financial Crisis, 2008-2009
650 #7 - SUBJECT ADDED ENTRY--TOPICAL TERM
Topical term or geographic name entry element Finanspolitik
Source of heading or term sao
Authority record control number or standard number 145050
650 #7 - SUBJECT ADDED ENTRY--TOPICAL TERM
Topical term or geographic name entry element Bankv�sen
Source of heading or term sao
Authority record control number or standard number 140369
650 #7 - SUBJECT ADDED ENTRY--TOPICAL TERM
Topical term or geographic name entry element Nationalbanker
Source of heading or term sao
Authority record control number or standard number 154944
650 #7 - SUBJECT ADDED ENTRY--TOPICAL TERM
Topical term or geographic name entry element Finanskrisen 2008-2009
Source of heading or term sao
Authority record control number or standard number 331999
650 #0 - SUBJECT ADDED ENTRY--TOPICAL TERM
Topical term or geographic name entry element Global Financial Crisis, 2008-2009.
653 ## - INDEX TERM--UNCONTROLLED
Uncontrolled term ბიოგრაფია
653 ## - INDEX TERM--UNCONTROLLED
Uncontrolled term ბანკირები
700 ## - ADDED ENTRY--PERSONAL NAME
9 (RLIN) 411
Personal name Irwin,Neil
900 1s - EQUIVALENCE OR CROSS-REFERENCE-PERSONAL NAME [LOCAL, CANADA]
Linkage 600,600
Affiliation Bernanke, Ben
942 ## - ADDED ENTRY ELEMENTS (KOHA)
Source of classification or shelving scheme
Koha item type Books
Holdings
Withdrawn status Lost status Source of classification or shelving scheme Damaged status Not for loan Permanent location Current location Date acquired Inventory number Total Checkouts Full call number Barcode Date last seen Price effective from Koha item type
          Ken Walker International University Ken Walker International University 11/27/2020 715   92 I-84 715 11/27/2020 11/27/2020 Books

Powered by Koha